000 00594nam a2200229Ia 4500
003 OSt
005 20220924132719.0
006 a|||||r|||| 00| 0
007 ta
008 220923b |||||||| |||| 00| 0 san d
024 _a95091
037 _cTextual
040 _aARTS
_cARTS
_bsan
041 _2san
_asan
082 _aV2:1wES, 15J6
100 _aAcharya Jina Vijaya Muni ed
_9204788
245 0 _aKumarapala Charitrasamgraha
260 _c1956
650 _aHISTORY
942 _hV2:1wES, 15J6
_cTEXL
_2CC
999 _c431251
_d431251